00415 a2200133 4500003000500000005001700005040000900022082001400031100003300045245006100078260002900139300001900168505009400187NUST20221208140102.0 cNust a297.3,ALJ aAl-Jazairy, Abu Bakar Jabir  aMinhaj Al-Muslim (Volume-1) /cAbu Bakr Jabir Al-Jazairy aRiyadhbDarussalamc2001 aXVIII: 496 p.; aCreed (Page-19), Etiquette (Page-145), Character (Page-287), Acts Of Worship (Page-363).